| 000 | 01455nam a2200313Ia 4500 | ||
|---|---|---|---|
| 005 | 20220316235237.0 | ||
| 008 | 121119s1999 mx a gr 000 j spa | ||
| 020 | _a9681634921 | ||
| 041 | 1 | _aspa | |
| 100 | 1 | _aFroissart, Benedicte, | |
| 245 | 1 | 3 |
_aLa cena con el tío Enrique _ctexto de Benedicte Froissart ; ilustraciones de Pierre Pratt ; traducción de Francisco Segovia |
| 250 |
_a1a. edición _b6a. reimpresión |
||
| 264 | 1 |
_aMéxico _bFondo de Cultura Económica _c1999 |
|
| 300 |
_a[30] páginas sin enumerar _bilustraciones a color _c22 cm. |
||
| 336 |
_atexto _btxt _2rdacontent |
||
| 337 |
_asin mediación _bn _2rdamedia |
||
| 338 |
_avolumen _bnc _2rdacarrier |
||
| 490 | _aA la orilla del viento | ||
| 520 | _aMe quedo mirando al tío Enrique y alcanzo a ver que la gallina bate enérgicamente las alas sobre uno de sus hombros. Mi hermano también la ve. Se le queda mirando y me susurra: Ve por ella. Yo ni me muevo. Él se impacienta, se levanta y se lanza sobre ella gritando: ¡Al ataque! y la camica del tío Enrique comienza a inflarse. | ||
| 650 | 1 | 4 |
_2LEMB _aCuentos infantiles franceses _ySiglo XX |
| 650 | 1 | 4 |
_2LEMB _aLiteratura infantil francesa _ySiglo XX |
| 650 | 1 | 4 |
_2LEMB _aComidas _vCuentos |
| 650 | 1 | 4 |
_2LEMB _aBanquetes _vCuentos |
| 700 | 1 |
_aPratt, Pierre _eilustrador _9116804 |
|
| 700 | 1 |
_aSegovia, Francisco _etraductor _9116805 |
|
| 942 |
_2loc _cBKLIT |
||
| 040 |
_aCO-BoRNBP _bspa _erda _cCO-BoRNBP |
||
| 084 | _aC FRO1 | ||
| 999 |
_c347 _d347 |
||